[Event "Vojvodina-chT 21st"]
[Site "Backa Palanka"]
[Date "2021.10.27"]
[Round "7.5"]
[White "Vidic, Stevan"]
[Black "Kovacevic, Dragisa"]
[Result "1/2-1/2"]
[WhiteElo "2289"]
[BlackElo "2201"]
[PlyCount "66"]
[EventDate "2021.10.23"]
[EventType "team-tourn"]
[EventRounds "11"]
[EventCountry "SRB"]
[SourceTitle "CBM 204 Extra"]
[Source "ChessBase"]
[SourceDate "2021.11.30"]
[SourceVersion "1"]
[SourceVersionDate "2021.11.30"]
[SourceQuality "1"]
[WhiteTeam "Backa Pacir"]
[BlackTeam "Jazak Car Uros"]
[WhiteTeamCountry "SRB"]
[BlackTeamCountry "SRB"]

1. e4 c5 2. c3 d5 3. exd5 Qxd5 4. d4 Nf6 5. Nf3 e6 6. Be2 Nc6 7. 0-0 Be7 8. Be3 cxd4 9. cxd4 a6 10. Nc3 Qd6 11. Qd2 0-0 12. Bf4 Qd8 13. Rac1 Nb4 14. Ne5 Nbd5 15. Bg3 Nxc3 16. bxc3 Ne4 17. Qe3 Nxg3 18. hxg3 Bf6 19. Rb1 Qc7 20. Bf3 Rb8 21. Rfc1 Rd8 22. c4 h6 23. Be4 Bxe5 24. dxe5 b6 25. c5 bxc5 26. Rxb8 Qxb8 27. Qxc5 Bd7 28. Qe7 Be8 29. Qc5 Qb2 30. a3 g6 31. Rb1 Qd2 32. Bf3 Kg7 33. Qe7 Qg5 1/2-1/2

[Event "Vojvodina-chT"]
[Site "Kovacica"]
[Date "2019.11.05"]
[Round "7.3"]
[White "Vidic, Stevan"]
[Black "Rajin, Milan"]
[Result "1-0"]
[WhiteElo "2267"]
[BlackElo "1920"]
[PlyCount "89"]
[EventDate "2019.11.01"]
[EventType "team-tourn"]
[EventRounds "11"]
[EventCountry "SRB"]
[SourceTitle "CBM 192 Extra"]
[Source "Chessbase"]
[SourceDate "2019.11.06"]
[SourceVersion "1"]
[SourceVersionDate "2019.11.06"]
[SourceQuality "1"]
[WhiteTeam "Backa Pacir"]
[BlackTeam "Banatsko Novo Selo"]
[WhiteTeamCountry "SRB"]
[BlackTeamCountry "SRB"]

1. d4 d6 2. c4 g6 3. Nc3 Bg7 4. e4 Nf6 5. f3 0-0 6. Be3 b6 7. Qd2 c5 8. Nge2 Nc6 9. g3 Bd7 10. Bg2 Rb8 11. 0-0 cxd4 12. Nxd4 Qc8 13. Nxc6 Bxc6 14. Rac1 Qb7 15. Bd4 Rbd8 16. b3 a6 17. Nd5 Bxd5 18. cxd5 Rc8 19. Bh3 Rb8 20. Rc6 Nd7 21. Bxg7 Kxg7 22. Qc3+ Nf6 23. Rc7 Qa8 24. Rxe7 Rfe8 25. Rc7 Rb7 26. Rc1 g5 27. Bf5 Re5 28. Rc8 Qa7 29. Qd4 Nh5 30. R1c6 f6 31. Bg4 Kg6 32. Bxh5+ Kxh5 33. Rxd6 Rf7 34. Rcc6 Qe7 35. h3 Kg6 36. Rxb6 Kg7 37. Rxa6 Kg8 38. Ra8+ Kg7 39. Rda6 Qc7 40. Rc6 Qd7 41. Kg2 h5 42. Rxf6 Rfe7 43. Raa6 g4 44. Rg6+ Kf7 45. Raf6+ 1-0

[Event "Vojvodina-chT"]
[Site "Novi Sad"]
[Date "2017.11.20"]
[Round "11.3"]
[White "Vidic, Stevan"]
[Black "Krstic, Petar"]
[Result "1/2-1/2"]
[WhiteElo "2272"]
[BlackElo "2324"]
[PlyCount "20"]
[EventDate "2017.11.13"]
[EventType "team-tourn"]
[EventRounds "11"]
[EventCountry "SRB"]
[SourceTitle "CBM 181 Extra"]
[Source "ChessBase"]
[SourceDate "2017.12.12"]
[SourceVersion "1"]
[SourceVersionDate "2017.12.12"]
[SourceQuality "1"]
[WhiteTeam "Pacir Backa"]
[BlackTeam "Subotica Spartak"]
[WhiteTeamCountry "SRB"]
[BlackTeamCountry "SRB"]

1. e4 c6 2. c4 d5 3. cxd5 cxd5 4. exd5 Qxd5 5. Nc3 Qd8 6. d4 Nf6 7. Nf3 e6 8. Bc4 Be7 9. 0-0 0-0 10. Bg5 Nc6 1/2-1/2

[Event "HUN-chT2 Asztalos 1617"]
[Site "Hungary"]
[Date "2017.02.12"]
[Round "8.2"]
[White "Vidic, Stevan"]
[Black "Mohacsi, Andras J"]
[Result "1/2-1/2"]
[WhiteElo "2271"]
[BlackElo "2191"]
[PlyCount "35"]
[EventDate "2016.09.25"]
[EventType "team-tourn"]
[EventRounds "11"]
[EventCountry "HUN"]
[SourceTitle "EXT 2021"]
[Source "ChessBase"]
[SourceDate "2020.10.23"]
[SourceVersion "1"]
[SourceVersionDate "2020.10.23"]
[SourceQuality "1"]
[WhiteTeam "Baja"]
[BlackTeam "Sarosd"]
[WhiteTeamCountry "HUN"]
[BlackTeamCountry "HUN"]

1. c4 e5 2. Nc3 Nc6 3. g3 Bc5 4. Bg2 Nf6 5. d3 0-0 6. Nf3 h6 7. 0-0 a6 8. e3 d6 9. d4 exd4 10. exd4 Ba7 11. h3 Bf5 12. g4 Bh7 13. g5 hxg5 14. Bxg5 Qd7 15. Bxf6 gxf6 16. Nd5 Qf5 17. Qd2 Kh8 18. Qh6 1/2-1/2

[Event "Vojvodina-chT"]
[Site "Novi Sad"]
[Date "2015.11.11"]
[Round "2.6"]
[White "Remecki, Sinisa"]
[Black "Vidic, Stevan"]
[Result "1/2-1/2"]
[WhiteElo "2206"]
[BlackElo "2287"]
[PlyCount "56"]
[EventDate "2015.11.10"]
[EventType "team-tourn"]
[EventRounds "9"]
[EventCountry "SRB"]
[SourceTitle "CBM 169 Extra"]
[Source "ChessBase"]
[SourceDate "2015.12.18"]
[SourceVersion "1"]
[SourceVersionDate "2015.12.18"]
[SourceQuality "1"]
[WhiteTeam "Petrovaradin Kraljica"]
[BlackTeam "Backa Pacir"]
[WhiteTeamCountry "SRB"]
[BlackTeamCountry "SRB"]

1. b3 d5 2. Bb2 e6 3. e3 Nf6 4. Nf3 Be7 5. d4 0-0 6. Bd3 b6 7. Qe2 Bb7 8. Nbd2 Ne4 9. 0-0 Nd7 10. c4 Ndf6 11. Ne5 Nxd2 12. Qxd2 dxc4 13. Bxc4 Bd6 14. Qe2 Qe7 15. Rac1 Rac8 16. Ba6 Bxa6 17. Qxa6 Bxe5 18. dxe5 Nd5 19. Ba3 c5 20. b4 b5 21. Rxc5 Rxc5 22. bxc5 b4 23. e4 Qxc5 24. exd5 bxa3 25. dxe6 Qxe5 26. exf7+ Rxf7 27. Qxa3 Qd4 28. Qb3 g6 1/2-1/2

[Event "HUN-chT2 Asztalos 1314"]
[Site "Hungary"]
[Date "2014.03.02"]
[Round "6"]
[White "Vidic, Stevan"]
[Black "Kele, Karoly"]
[Result "1-0"]
[WhiteElo "2281"]
[BlackElo "2128"]
[PlyCount "60"]
[EventDate "2013.09.08"]
[EventType "team-tourn"]
[EventRounds "9"]
[EventCountry "HUN"]
[SourceTitle "EXT 2016"]
[Source "ChessBase"]
[SourceDate "2015.10.08"]
[SourceVersion "1"]
[SourceVersionDate "2015.10.08"]
[SourceQuality "1"]
[WhiteTeam "Baja"]
[BlackTeam "Pecs Karmin"]
[WhiteTeamCountry "HUN"]
[BlackTeamCountry "HUN"]

1. d4 Nf6 2. Nf3 e6 3. c4 b6 4. Nc3 Bb7 5. Bg5 Be7 6. e3 0-0 7. Bd3 d5 8. 0-0 Nbd7 9. Rc1 c5 10. Qe2 h6 11. Bh4 Ne4 12. Bxe7 Nxc3 13. Rxc3 Qxe7 14. cxd5 cxd4 15. Rc7 Bxd5 16. e4 Qd6 17. Rxd7 Qxd7 18. exd5 exd5 19. Nxd4 Rae8 20. Qf3 Re5 21. Nf5 f6 22. h4 Rfe8 23. Qg4 Kf8 24. h5 Qc7 25. g3 Re1 26. Rxe1 Rxe1+ 27. Kg2 Re8 28. Qg6 Rd8 29. Nd4 Re8 30. Qh7 Qd6 1-0

[Event "Vojvodina-chT 2nd League"]
[Site "Stari Banovci"]
[Date "2013.11.10"]
[Round "10"]
[White "Vidic, Stevan"]
[Black "Marcak, Dejan"]
[Result "1/2-1/2"]
[WhiteElo "2278"]
[BlackElo "2141"]
[PlyCount "55"]
[EventDate "2013.11.03"]
[EventType "team-tourn"]
[EventRounds "11"]
[EventCountry "SRB"]
[SourceTitle "EXT 2015"]
[Source "ChessBase"]
[SourceDate "2014.11.20"]
[SourceVersion "1"]
[SourceVersionDate "2014.11.20"]
[SourceQuality "1"]

1. Nf3 c5 2. c4 Nc6 3. Nc3 g6 4. g3 Bg7 5. Bg2 Nf6 6. 0-0 0-0 7. d4 cxd4 8. Nxd4 Nxd4 9. Qxd4 d6 10. Qd1 Be6 11. Nd5 Bxd5 12. cxd5 Nd7 13. Be3 b6 14. Qd2 Rc8 15. Rac1 Rxc1 16. Rxc1 Qb8 17. Qc2 Bf6 18. b3 a5 19. a3 b5 20. Bh3 Nc5 21. Bxc5 dxc5 22. Qxc5 a4 23. Rb1 b4 24. Bd7 bxa3 25. Qxa3 axb3 26. Qxb3 Qe5 27. Bg4 h5 28. Bf3 1/2-1/2

[Event "Vojvodina-chT 2nd League"]
[Site "Stari Banovci"]
[Date "2013.11.04"]
[Round "1"]
[White "Vidic, Stevan"]
[Black "Gavric, Zivojin"]
[Result "1/2-1/2"]
[WhiteElo "2278"]
[BlackElo "2124"]
[PlyCount "98"]
[EventDate "2013.11.03"]
[EventType "team-tourn"]
[EventRounds "11"]
[EventCountry "SRB"]
[SourceTitle "EXT 2015"]
[Source "ChessBase"]
[SourceDate "2014.11.20"]
[SourceVersion "1"]
[SourceVersionDate "2014.11.20"]
[SourceQuality "1"]

1. d4 d5 2. Nf3 c6 3. e3 Bg4 4. c4 Bxf3 5. Qxf3 e6 6. Nc3 Nf6 7. Bd3 Nbd7 8. 0-0 Be7 9. Rd1 Qa5 10. Bd2 dxc4 11. Bxc4 Qh5 12. Qg3 Qg6 13. Qf4 0-0 14. h3 Nb6 15. Bb3 Rad8 16. Rac1 Bd6 17. Qf3 e5 18. Bc2 Qh5 19. Qxh5 Nxh5 20. dxe5 Bxe5 21. Bb3 Nf6 22. f4 Bd6 23. e4 Bc5+ 24. Kf1 Bd4 25. e5 Nfd5 26. Ke2 Rfe8 27. Kf3 Kf8 28. Nxd5 Nxd5 29. Bxd5 Rxd5 30. Bb4+ Kg8 31. Bc3 Red8 32. Bxd4 Rxd4 33. Rxd4 Rxd4 34. Ke3 Rd5 35. Rc3 Kf8 36. Rb3 b6 37. Rc3 Ra5 38. a3 c5 39. g3 Ke7 40. Ke4 g6 41. Kd5 Kd7 42. Rd3 Ra4 43. Rd2 h5 44. h4 Ke7 45. Rd3 Kd7 46. Rd2 Ke7 47. Rd3 Kd7 48. Rd1 Ke7 49. Rd3 Kd7 1/2-1/2

[Event "HUN-chT2 Maroczy 1213"]
[Site "Hungary"]
[Date "2013.04.07"]
[Round "10"]
[White "Vidic, Stevan"]
[Black "Torok, Sandor"]
[Result "0-1"]
[WhiteElo "2288"]
[BlackElo "2292"]
[PlyCount "58"]
[EventDate "2012.09.16"]
[EventType "team-tourn"]
[EventRounds "11"]
[EventCountry "HUN"]
[SourceTitle "EXT 2014"]
[Source "ChessBase"]
[SourceDate "2013.11.20"]
[SourceVersion "1"]
[SourceVersionDate "2013.11.20"]
[SourceQuality "1"]
[WhiteTeam "Roeszke"]
[BlackTeam "Vasas"]
[WhiteTeamCountry "HUN"]
[BlackTeamCountry "HUN"]

1. Nf3 c5 2. c4 Nc6 3. Nc3 e6 4. d4 cxd4 5. Nxd4 Qb6 6. Ndb5 Ne5 7. e3 a6 8. Nd4 Nf6 9. Be2 Bb4 10. 0-0 Bxc3 11. bxc3 Ne4 12. Qc2 Nd6 13. Qa4 Qc7 14. f4 Nexc4 15. e4 b5 16. Qc2 Nb6 17. Bd3 Bb7 18. e5 Ndc4 19. f5 Qxe5 20. Bf4 Qc5 21. fxe6 dxe6 22. Kh1 Nd5 23. Rae1 Nxf4 24. Rxf4 Qg5 25. Qf2 0-0 26. Rf1 e5 27. Rf5 Qxg2+ 28. Qxg2 Bxg2+ 29. Kxg2 Ne3+ 0-1